000
00277nam a2200085Ia 4500
245
0
_a
Nigeria 1880 to the present : the struggle, the tragedy, the promise
100
_a
HARMON, Daniel E. Philadelphia, PA, 2001
942
_c
BK
008
210818s9999 xx 000 0 und d
999
_c
460469
_d
460467